000
00318 a2200133 4500
001
125360
020
_a
9780439625227
040
_c
Escola Canadense de Niteroi
100
_a
Zeman, Kate Kelly Anne
245
1
0
_a
Everything You Need to Know About Math Homework
260
_a
New York
362
0
_a
2005
942
_c
BK
999
_c
125360
_d
125360